|
|
|
|
| LEADER |
00000nab a2200000 a 4500 |
| 001 |
vtls009090708 |
| 003 |
SK-MaSNL |
| 005 |
20260426072728.0 |
| 008 |
140515c2007 xo wr|p|||||||000 b|slo |
| 015 |
|
|
|a SNBRB2007/09
|2 snkbucl
|
| 040 |
|
|
|a SNKBUCL
|b slo
|c SNKBUCL
|e AACR2
|
| 041 |
0 |
|
|a slo
|
| 044 |
|
|
|a xo
|c SK
|
| 080 |
|
|
|a 314.15
|x (437.6)
|2 2001
|
| 080 |
|
|
|a 314.146
|x (437.6)
|2 2001
|
| 100 |
1 |
|
|a Gálisová, Marína,
|d 1972-
|4 aut
|9 12999
|
| 245 |
1 |
0 |
|a Baby boom?
|c Marína Gálisová
|
| 300 |
|
|
|b Fotogr.
|
| 650 |
0 |
7 |
|a Demografia rodiny
|2 snkbucl
|9 1243201
|
| 650 |
0 |
7 |
|a populačná politika
|2 snkbucl
|9 49922
|
| 651 |
|
7 |
|a Slovensko
|2 snkbucl
|9 14231
|
| 773 |
0 |
|
|t Týždeň
|g Roč. IV, č. 33 (2007), s. 64-69
|x 1336-5932
|
| 852 |
|
|
|a SNK
|b KIS3GCP
|
| 958 |
|
|
|a SK
|
| 999 |
|
|
|c 2691547
|d 2693477
|